| 000 | 01634nam a2200349 a 4500 | ||
|---|---|---|---|
| 001 | 000000458 | ||
| 003 | DO-SdBNP | ||
| 005 | 20180510122837.0 | ||
| 007 | 000000458 | ||
| 008 | 090122s2003 dr ad 000 0 spa d | ||
| 020 | _a9993461725 | ||
| 020 | _a9789993461722 | ||
| 040 |
_aBPMSU _bspa _cBPMSU |
||
| 082 | 4 |
_a304.6 _bB928p |
|
| 100 | 1 | _aBueno Sánchez, Eramis | |
| 245 | 1 | 0 |
_aPoblación y desarrollo : _btemas vigentes en la era de la globalización / _cEramis Bueno Sánchez. |
| 260 |
_aSanto Domingo : _bINTEC, _c2003. |
||
| 300 |
_a200 p. : _bil., graf. ; _c22 cm. |
||
| 505 | 0 |
_tIntroducción -- _tPoblación y desarrollo en la historia demográfica del mundo -- _t La población: base de la actividad económica -- _tEl problema global de población. América Latina y su transición demográfica -- _t La doble relación entre población y desarrollo -- _tUna nueva hermenéutica de las relaciones entre población y desarrollo: el desarrollo humano sustentable -- _tPoblación y pobreza en la era de la globalización -- _tPobreza y empleo -- _t El tema de la vulnerabilidad -- _tConclusiones -- _t Bibliografía. |
|
| 650 | 4 |
_aPOBLACIÓN _xASPECTOS ECONÓMICOS |
|
| 650 | 4 | _aDESARROLLO SOCIAL | |
| 650 | 4 | _aGLOBALIZACIÓN | |
| 650 | 4 | _aPOBREZA | |
| 651 | 4 |
_aAMÉRICA LATINA _xPOLÍTICA DE POBLACIÓN |
|
| 710 | 2 | _aInstituto Tecnológico de Santo Domingo | |
| 930 | 1 |
_lBND01 _mLF1 _820130628 _f04 _pHD _g36777 |
|
| 942 |
_2ddc _cBK |
||
| 945 | _aInventariado, 2017/MFF | ||
| 956 |
_aVMATEO _b10 _c20150807 _lBPMSU _h00151 |
||
| 956 |
_aVMATEO _b10 _c20150807 _lBPMSU _h00151 |
||
| 956 | _aValidado. Control de calidad MFF | ||
| 999 |
_c8130 _d8130 |
||